<?xml version="1.0" encoding="UTF-8"?>
<collection xmlns="http://www.loc.gov/MARC21/slim">
 <record>
  <leader>02790cam a2200565  b4500</leader>
  <controlfield tag="001">1576251462</controlfield>
  <controlfield tag="003">DE-627</controlfield>
  <controlfield tag="005">20181115144348.0</controlfield>
  <controlfield tag="007">cr uuu---uuuuu</controlfield>
  <controlfield tag="008">180611r20182008xx |||||oo    00| ||fre c</controlfield>
  <datafield tag="024" ind1="7" ind2=" ">
   <subfield code="a">urn:nbn:de:bsz:16-artdok-58979</subfield>
   <subfield code="2">urn</subfield>
  </datafield>
  <datafield tag="024" ind1="7" ind2=" ">
   <subfield code="a">10.11588/artdok.00005897</subfield>
   <subfield code="2">doi</subfield>
  </datafield>
  <datafield tag="035" ind1=" " ind2=" ">
   <subfield code="a">(DE-627)1576251462</subfield>
  </datafield>
  <datafield tag="035" ind1=" " ind2=" ">
   <subfield code="a">(DE-576)506251462</subfield>
  </datafield>
  <datafield tag="035" ind1=" " ind2=" ">
   <subfield code="a">(DE-599)BSZ506251462</subfield>
  </datafield>
  <datafield tag="035" ind1=" " ind2=" ">
   <subfield code="a">(OCoLC)1043896822</subfield>
  </datafield>
  <datafield tag="040" ind1=" " ind2=" ">
   <subfield code="a">DE-627</subfield>
   <subfield code="b">ger</subfield>
   <subfield code="c">DE-627</subfield>
   <subfield code="e">rda</subfield>
  </datafield>
  <datafield tag="041" ind1=" " ind2=" ">
   <subfield code="a">fre</subfield>
  </datafield>
  <datafield tag="082" ind1="0" ind2="4">
   <subfield code="a">740</subfield>
  </datafield>
  <datafield tag="084" ind1=" " ind2=" ">
   <subfield code="a">KUNST</subfield>
   <subfield code="q">DE-16</subfield>
   <subfield code="2">fid</subfield>
  </datafield>
  <datafield tag="100" ind1="1" ind2=" ">
   <subfield code="a">Cordez, Philippe</subfield>
   <subfield code="d">1979-</subfield>
   <subfield code="e">VerfasserIn</subfield>
   <subfield code="0">(DE-588)139451412</subfield>
   <subfield code="0">(DE-627)611259168</subfield>
   <subfield code="0">(DE-576)311812465</subfield>
   <subfield code="4">aut</subfield>
  </datafield>
  <datafield tag="245" ind1="1" ind2="0">
   <subfield code="a">[Rezension von: Petra Janke, Ein heilbringender Schatz]</subfield>
   <subfield code="c">Philippe Cordez</subfield>
  </datafield>
  <datafield tag="264" ind1=" " ind2="1">
   <subfield code="a">Heidelberg</subfield>
   <subfield code="b">Universitätsbibliothek Heidelberg</subfield>
   <subfield code="c">30 Mai 2018</subfield>
  </datafield>
  <datafield tag="300" ind1=" " ind2=" ">
   <subfield code="a">1 Online-Ressource</subfield>
  </datafield>
  <datafield tag="336" ind1=" " ind2=" ">
   <subfield code="a">Text</subfield>
   <subfield code="b">txt</subfield>
   <subfield code="2">rdacontent</subfield>
  </datafield>
  <datafield tag="337" ind1=" " ind2=" ">
   <subfield code="a">Computermedien</subfield>
   <subfield code="b">c</subfield>
   <subfield code="2">rdamedia</subfield>
  </datafield>
  <datafield tag="338" ind1=" " ind2=" ">
   <subfield code="a">Online-Ressource</subfield>
   <subfield code="b">cr</subfield>
   <subfield code="2">rdacarrier</subfield>
  </datafield>
  <datafield tag="490" ind1="1" ind2=" ">
   <subfield code="a">Schriften von Philippe Cordez</subfield>
   <subfield code="v">10</subfield>
  </datafield>
  <datafield tag="500" ind1=" " ind2=" ">
   <subfield code="a">Aus: Revue de l'Institut Français d'Histoire en Allemagne, 01.01 2008. Letzter Zugriff 30.05.2018. URL: http://journals.openedition.org/ifha/1646, (2008)</subfield>
  </datafield>
  <datafield tag="500" ind1=" " ind2=" ">
   <subfield code="a">Erschien gedruckt in: Bulletin d'information de la mission historique française en Allemagne 44 (2008), S. 335-336</subfield>
  </datafield>
  <datafield tag="500" ind1=" " ind2=" ">
   <subfield code="a">Elektronische Reproduktion der Druckausgabe</subfield>
  </datafield>
  <datafield tag="534" ind1=" " ind2=" ">
   <subfield code="c">2008</subfield>
  </datafield>
  <datafield tag="655" ind1=" " ind2="7">
   <subfield code="a">Rezension</subfield>
   <subfield code="0">(DE-588)4049712-4</subfield>
   <subfield code="0">(DE-627)106186019</subfield>
   <subfield code="0">(DE-576)209083166</subfield>
   <subfield code="2">gnd-content</subfield>
  </datafield>
  <datafield tag="689" ind1="0" ind2="0">
   <subfield code="d">g</subfield>
   <subfield code="0">(DE-588)4136982-8</subfield>
   <subfield code="0">(DE-627)104739134</subfield>
   <subfield code="0">(DE-576)209673796</subfield>
   <subfield code="a">Dom Halberstadt</subfield>
   <subfield code="g">Halberstadt</subfield>
   <subfield code="2">gnd</subfield>
  </datafield>
  <datafield tag="689" ind1="0" ind2="1">
   <subfield code="d">s</subfield>
   <subfield code="0">(DE-588)4138759-4</subfield>
   <subfield code="0">(DE-627)105640298</subfield>
   <subfield code="0">(DE-576)209688769</subfield>
   <subfield code="a">Reliquienkult</subfield>
   <subfield code="2">gnd</subfield>
  </datafield>
  <datafield tag="689" ind1="0" ind2="2">
   <subfield code="d">s</subfield>
   <subfield code="0">(DE-588)4129108-6</subfield>
   <subfield code="0">(DE-627)104535474</subfield>
   <subfield code="0">(DE-576)209607793</subfield>
   <subfield code="a">Mittelalter</subfield>
   <subfield code="2">gnd</subfield>
  </datafield>
  <datafield tag="689" ind1="0" ind2=" ">
   <subfield code="5">(DE-627)</subfield>
  </datafield>
  <datafield tag="787" ind1="0" ind2="8">
   <subfield code="i">Rezension von</subfield>
   <subfield code="a">Janke, Petra, 1957 - </subfield>
   <subfield code="t">Ein heilbringender Schatz</subfield>
   <subfield code="d">München : Dt. Kunstverl., 2006</subfield>
   <subfield code="h">323 S.</subfield>
   <subfield code="w">(DE-627)513556729</subfield>
   <subfield code="w">(DE-576)254693520</subfield>
   <subfield code="z">342206639X</subfield>
   <subfield code="z">9783422066397</subfield>
  </datafield>
  <datafield tag="800" ind1="1" ind2=" ">
   <subfield code="a">Cordez, Philippe</subfield>
   <subfield code="d">1979-</subfield>
   <subfield code="t">Schriften von Philippe Cordez.</subfield>
   <subfield code="v">10</subfield>
   <subfield code="9">10</subfield>
   <subfield code="w">(DE-627)1583690581</subfield>
   <subfield code="w">(DE-576)513690581</subfield>
  </datafield>
  <datafield tag="856" ind1="4" ind2="0">
   <subfield code="u">http://dx.doi.org/10.11588/artdok.00005897</subfield>
   <subfield code="x">Resolving-System</subfield>
   <subfield code="z">kostenfrei</subfield>
   <subfield code="3">Volltext</subfield>
  </datafield>
  <datafield tag="856" ind1="4" ind2="0">
   <subfield code="u">http://nbn-resolving.de/urn:nbn:de:bsz:16-artdok-58979</subfield>
   <subfield code="q">application/pdf</subfield>
   <subfield code="x">Resolving-System</subfield>
   <subfield code="z">kostenfrei</subfield>
   <subfield code="3">Volltext</subfield>
  </datafield>
  <datafield tag="935" ind1=" " ind2=" ">
   <subfield code="c">so</subfield>
  </datafield>
  <datafield tag="951" ind1=" " ind2=" ">
   <subfield code="a">MV</subfield>
  </datafield>
  <datafield tag="994" ind1=" " ind2=" ">
   <subfield code="u">https://archiv.ub.uni-heidelberg.de/artdok/5897/1/Cordez_Rezension_Jahnke_Ein_heilbringender_Schatz_2008.pdf</subfield>
  </datafield>
  <datafield tag="994" ind1=" " ind2=" ">
   <subfield code="u">http://archiv.ub.uni-heidelberg.de/artdok/5897/</subfield>
  </datafield>
  <datafield tag="990" ind1=" " ind2=" ">
   <subfield code="a">Dom Halberstadt</subfield>
  </datafield>
  <datafield tag="990" ind1=" " ind2=" ">
   <subfield code="a">Reliquienkult</subfield>
  </datafield>
  <datafield tag="990" ind1=" " ind2=" ">
   <subfield code="a">Mittelalter</subfield>
  </datafield>
  <datafield tag="991" ind1=" " ind2=" ">
   <subfield code="a">Rezension (Monographie, Zeitschrift, Aufsatz)</subfield>
  </datafield>
  <datafield tag="999" ind1=" " ind2=" ">
   <subfield code="a">KXP-PPN1576251462</subfield>
   <subfield code="e">425016473X</subfield>
  </datafield>
 </record>
</collection>
